Countries with Unique Letter Pairs - Statistics

General Stats
  • This quiz has been taken 226 times
    25 since last reset
  • The average score is 35 of 87
Answer Stats
Hint Answer % Correct
CY Cyprus
88%
CZ Czech Republic
88%
DJ Djibouti
88%
BH Bhutan
81%
EQ Equatorial Guinea
81%
KY Kyrgyzstan
81%
BW Zimbabwe
81%
AQ Iraq
75%
JO Jordan
75%
KU Kuwait
75%
UX Luxembourg
75%
CC Morocco
75%
MY Myanmar
75%
QA Qatar
75%
YE Yemen
75%
EX Mexico
69%
XI Mexico
69%
SP Spain
69%
UZ Uzbekistan
69%
KH Kazakhstan
63%
TV Latvia
63%
XE Luxembourg
63%
AW Malawi
63%
PH Philippines
63%
PP Philippines
63%
SY Syria
63%
IZ Belize
56%
YZ Kyrgyzstan
56%
LB Albania
50%
OO Cameroon
50%
EE Greece
50%
UY Guyana
50%
LT Malta
50%
OZ Mozambique
50%
UK Ukraine
50%
FG Afghanistan
44%
HR Bahrain
44%
PT Egypt
44%
BY Libya
44%
IQ Mozambique
44%
AJ Tajikistan
44%
ZB Uzbekistan
44%
GL Bangladesh
38%
UM Belgium
38%
RY Hungary
38%
NZ Tanzania
38%
UV Tuvalu
38%
SN Bosnia and Herzegovina
31%
YS Malaysia
31%
YC Seychelles
31%
KR Ukraine
31%
EK Uzbekistan
31%
EZ Venezuela
31%
RZ Bosnia and Herzegovina
25%
AE Israel
25%
LY Italy
25%
UW Kuwait
25%
TZ Switzerland
25%
UL Bulgaria
19%
OD Cambodia
19%
NL Finland
19%
EB Lebanon
19%
HT Liechtenstein
19%
TT Saint Kitts and Nevis
19%
IK Tajikistan
19%
OG Togo
19%
KM Turkmenistan
19%
ZU Venezuela
19%
TN Vietnam
19%
LV El Salvador
13%
OP Ethiopia
13%
HS Kazakhstan
13%
NS Liechtenstein
13%
NK Sri Lanka
13%
IW Taiwan
13%
GD United Kingdom
13%
TY Vatican City
13%
FA Burkina Faso
6%
IO Ethiopia
6%
SC Madagascar
6%
RS Marshall Islands
6%
UC Saint Lucia
6%
EV St Kitts and Nevis
6%
ID Trinidad and Tobago
6%
OB Trinidad and Tobago
6%
NU Vanuatu
6%
DU Honduras
0%
No matching quizzes found
Score Distribution
Percent of People with Each Score
Percentile by Number Answered
Your Score History
You have not taken this quiz since the last reset